000 00869nam a2200217 a 4500
001 000043849
005 20201002045014.0
008 140507s1988 sp ac 000 0 spa d
020 _a842060366X
040 _aDO-SdBNP
_bspa
_cBNPHU
082 _axxxx
_bxxxx
100 1 _aGardner, Martin,
_d1914-2010
_971711
240 1 0 _aScience, good, bad and bogus
_lEspañol
245 1 3 _aLa ciencia, lo bueno, lo malo y lo falso /
_cMartin Gardner ; traductor Natividad Sánchez Sáinz-Trápaga.
260 _aMadrid :
_bAlianza,
_c1988.
300 _a636 p. :
_bil., retrs. ;
_c18 cm.
490 1 _aEl libro de bolsillo
_asección ciencia y técnica
_v1366
500 _aIncluye referencias bibliográficas y notas al pie de las páginas
700 1 2 _aSánchez Sáinz-Trápaga, Natividad
_etr.
_951556
830 0 _aEl libro de bolsillo ;
_psección ciencia y técnica
_n1366
_971712
999 _c43338
_d43338